<?xml version="1.0" encoding="UTF-8"?>
<record
    xmlns:xsi="http://www.w3.org/2001/XMLSchema-instance"
    xsi:schemaLocation="http://www.loc.gov/MARC21/slim http://www.loc.gov/standards/marcxml/schema/MARC21slim.xsd"
    xmlns="http://www.loc.gov/MARC21/slim">

  <leader>00475nam a22001457a 4500</leader>
  <controlfield tag="005">20150226113312.0</controlfield>
  <controlfield tag="008">150226b        xxu||||| |||| 00| 0 eng d</controlfield>
  <datafield tag="040" ind1=" " ind2=" ">
    <subfield code="c">PK-LaUMT</subfield>
  </datafield>
  <datafield tag="082" ind1=" " ind2=" ">
    <subfield code="a">KHC 954.918</subfield>
    <subfield code="b">MOO-S</subfield>
  </datafield>
  <datafield tag="100" ind1=" " ind2=" ">
    <subfield code="a">&#x645;&#x648;&#x633;&#x6CC;&#x60C; &#x645;&#x62D;&#x645;&#x62F; </subfield>
  </datafield>
  <datafield tag="245" ind1=" " ind2=" ">
    <subfield code="a">&#x633;&#x646;&#x62F;&#x6BE;&#x60C; &#x645;&#x627;&#x636;&#x6CC;&#x60C; &#x62D;&#x627;&#x644; &#x627;&#x648;&#x631; &#x645;&#x633;&#x62A;&#x642;&#x628;&#x644; </subfield>
    <subfield code="b">&#x634;&#x636;&#x635;&#x6CC;&#x62A;&#x648;&#x6BA; &#x6A9;&#x6D2; &#x622;&#x626;&#x6CC;&#x646;&#x6D2; &#x645;&#x6CC;&#x6BA; </subfield>
    <subfield code="c">&#x645;&#x62D;&#x645;&#x62F; &#x645;&#x648;&#x633;&#x6CC; </subfield>
  </datafield>
  <datafield tag="260" ind1=" " ind2=" ">
    <subfield code="a">&#x62D;&#x6CC;&#x62F;&#x631;&#x622;&#x628;&#x627;&#x62F;</subfield>
    <subfield code="b">&#x633;&#x646;&#x62F;&#x6BE; &#x646;&#x6CC;&#x634;&#x646;&#x644; &#x627;&#x6A9;&#x6CC;&#x688;&#x645;&#x6CC;</subfield>
    <subfield code="c">1989</subfield>
  </datafield>
  <datafield tag="300" ind1=" " ind2=" ">
    <subfield code="a">288 &#x635;</subfield>
  </datafield>
  <datafield tag="942" ind1=" " ind2=" ">
    <subfield code="c">BK</subfield>
  </datafield>
  <datafield tag="999" ind1=" " ind2=" ">
    <subfield code="c">66587</subfield>
    <subfield code="d">66587</subfield>
  </datafield>
  <datafield tag="952" ind1=" " ind2=" ">
    <subfield code="0">0</subfield>
    <subfield code="1">0</subfield>
    <subfield code="4">0</subfield>
    <subfield code="7">0</subfield>
    <subfield code="a">01</subfield>
    <subfield code="b">01</subfield>
    <subfield code="d">2015-02-26</subfield>
    <subfield code="l">0</subfield>
    <subfield code="o">KHC 954.918 MOO-S</subfield>
    <subfield code="p">71048</subfield>
    <subfield code="r">2015-02-26 00:00:00</subfield>
    <subfield code="w">2015-02-26</subfield>
    <subfield code="y">BK</subfield>
  </datafield>
</record>
